书目信息 |
| 题名: |
2013年中国经济形势分析与预测
|
|
| 作者: | 陈佳贵 , 李扬 主编 | |
| 分册: | ||
| 出版信息: | 北京 社会科学文献出版社 2012.12 |
|
| 页数: | 14,367页 | |
| 开本: | 24cm | |
| 丛书名: | 皮书系列 | |
| 单 册: | ||
| 中图分类: | F123.2 | |
| 科图分类: | ||
| 主题词: | 经济分析--中国--2013 , 经济预测--中国--2013 , 经济分析 , 经济预测 | |
| 电子资源: | ||
| ISBN: | 978-7-5097-4029-3 | |
| 000 | 01266oam2 2200349 450 | |
| 001 | 010060011307 | |
| 005 | 20130504153203.64 | |
| 010 | @a978-7-5097-4029-3@dCNY59.00 | |
| 100 | @a20121210d2012 em y0chiy50 ea | |
| 101 | 0 | @achi@deng@eeng |
| 102 | @aCN@b110000 | |
| 105 | @aak z 000yy | |
| 106 | @ar | |
| 200 | 1 | @a2013年中国经济形势分析与预测@92013 nian zhong guo jing ji xing shi fen xi yu yu ce@dEconomy of China analysis and forecast (2013)@f陈佳贵,李扬主编@zeng |
| 210 | @a北京@c社会科学文献出版社@d2012.12 | |
| 215 | @a14,367页@c图@d24cm | |
| 225 | 2 | @a皮书系列 |
| 300 | @a经济蓝皮书 | |
| 300 | @a中国社会科学院创新工程学术出版资助项目 | |
| 330 | @a本书主要内容包括:经济增长与产业发展篇;宏观经济政策与宏观调控篇;消费、投资与进出口形势分析篇;市场价格与收入分配篇等。 | |
| 461 | 0 | @12001 @a皮书系列 |
| 510 | 1 | @aEconomy of China analysis and forecast (2013)@zeng |
| 516 | 1 | @a2013经济蓝皮书@92013 jing ji lan pi shu |
| 606 | 0 | @a经济分析@y中国@z2013 |
| 606 | 0 | @a经济预测@y中国@z2013 |
| 606 | 0 | @a经济分析 |
| 606 | 0 | @a经济预测 |
| 690 | @aF123.2@v5 | |
| 701 | 0 | @a陈佳贵@9chen jia gui@f(1944.10-)@4主编 |
| 701 | 0 | @a李扬@9li yang@f(1951-)@4主编 |
| 801 | 0 | @aCN@bRENTIAN@c20121210 |
| 905 | @b542971-75@dF123.2@e212@f5 | |
| 2013年中国经济形势分析与预测=Economy of China analysis and forecast (2013)/陈佳贵,李扬主编.-北京:社会科学文献出版社,2012.12 |
| 14,367页:图;24cm.-(皮书系列) |
| 经济蓝皮书.-中国社会科学院创新工程学术出版资助项目 |
| ISBN 978-7-5097-4029-3:CNY59.00 |
| 本书主要内容包括:经济增长与产业发展篇;宏观经济政策与宏观调控篇;消费、投资与进出口形势分析篇;市场价格与收入分配篇等。 |
| ● |
| 相关链接 |
|
|
|
|
正题名:2013年中国经济形势分析与预测
索取号:F123.2/212
 
预约/预借
| 序号 | 登录号 | 条形码 | 馆藏地/架位号 | 状态 | 备注 |
| 1 | 542971 | 205429712 | 第一样本阅览室/ [索取号:F123.2/212] | 在馆 | |
| 2 | 542972 | 205429721 | 第一借阅区/ [索取号:F123.2/212] | 在馆 | |
| 3 | 542973 | 205429730 | 第一借阅区/ [索取号:F123.2/212] | 在馆 | |
| 4 | 542974 | 205429749 | 第一借阅区/ [索取号:F123.2/212] | 在馆 | |
| 5 | 542975 | 205429758 | 第一借阅区/ [索取号:F123.2/212] | 在馆 |